Представление документа в формате RUSMARC

ПолеНазваниеЗначение
  Тип записи a
  Библиографический уровень m
001 Контрольный номер 9de0023d20de4053a7f18ab98376cc93
005 Дата корректировки 20251003164103.9
010 Индекс ISBN __
9 Тираж 100 экз.
d Цена 50-00
100 Данные общей обработки __
a Данные общей обработки 20220530f19902000ma y0rusy028902 ca
101 Язык документа 0_
a Язык текста rus
102 Страна публикации __
a Страна публикации RU
105 Кодированные данные (монография) __
a Кодированные данные (монография) a z 000zy
181 Поле кодированных данных: вид содержания _0
a Код вида содержания (ISBD) i
182 Поле кодированных данных: тип средства _0
a Код типа средства (ISBD) n
200 Заглавие и сведения об ответственности 1_
a Заглавие Мысли вслух. Мысли, не подписаные в печать
f Первые сведения об ответственности [МБУ Историко-культурный центр "Старый Сургут"
g Последующие сведения об ответственности редактор Татьяна Лысенко ; фото Г. Заславской, И. Панкова]
203 Вид содержания и тип средства __
a Вид содержания Текст
c Тип средства непосредственный
210 Выходные данные 1_
a Место издания Сургут
c Издательство [б. и.]
d Дата издания [199-?]
215 Физическое описание __
a Объем [18] с.
c Иллюстрации/тип воспроизводства цв. фот., портр.
d Формат 20 см
300 Общие примечания __
a Общие примечания Библиотека краеведа. Л. В. Цареградская
330 Аннотация __
a Аннотация Размышления известных людей нашего города на различные темы.
517 Другие варианты заглавия 1_
a Другие варианты заглавия Мысли, не подписаные в печать
606 Тематические рубрики __
a Основная рубрика История
y Географическая подрубрика Россия
y Географическая подрубрика Сургут
y Географическая подрубрика ХМАО-Югра
y Географическая подрубрика Ханты-Мансийский автономный округ - Югра
606 Тематические рубрики __
2 Код системы nlr_sh
a Основная рубрика История России в целом
610 Ключевые слова 0_
a Ключевые слова краеведение
610 Ключевые слова 0_
a Ключевые слова культура
610 Ключевые слова 0_
a Ключевые слова размышления
610 Ключевые слова 0_
a Ключевые слова персоналии
610 Ключевые слова 0_
a Ключевые слова публицистика
686 Индексы других классификаций __
2 Код системы rubbks
a Классификационный индекс К63.3(2Рос-6Хан-2Сургут)-7
702 Вторичная интеллектуальная ответственность _1
a Фамилия Лысенко
b Имя Т.
4 Код отношения 340
g Полное личное имя Татьяна
702 Вторичная интеллектуальная ответственность _1
a Фамилия Заславская
b Имя Г.
4 Код отношения 600
702 Вторичная интеллектуальная ответственность _1
a Фамилия Панков
b Имя И.
g Полное личное имя 600
712 Наименование организации (Вторичная ответственность) 02
a Организация/ юрисдикция "Старый Сургут", историко-культурный центр
801 Источник записи _0
a Страна RU
b Организация Муниципальное бюджетное учреждение культуры "Централизованная библиотечная система" г. Сургут (Центральная городская библиотека им. А. С. Пушкина)
g Правила каталогизации PSBO
c Дата составления 20220530
801 Источник записи _1
a Страна RU
b Организация Муниципальное бюджетное учреждение культуры "Централизованная библиотечная система" г. Сургут (Центральная городская библиотека им. А. С. Пушкина)
g Правила каталогизации PSBO
c Дата составления 20220530
852 Данные о местонахождении __
j Шифр хранения К63.3(2Рос-6Хан-2Сургут)-7
i Авторский знак М 95
900 Макрообъекты __
a Макрообъекты Мысли вслух. Мысли, не подписаные в печать , 199..
901 Тип документа __
t Тип документа m
a Ответственный КиК/Котельникова
903 Характеристики (МАРС) __
a Дата передачи 20220530
c Наименование библиотеки (МАРС) Муниципальное бюджетное учреждение культуры "Централизованная библиотечная система" г. Сургут (Центральная городская библиотека им. А. С. Пушкина)
969 Тип издания __
a Тип издания брошюра
990 Данные о заказе (DOS) __
j Количество экземпляров (DOS) 1
t N записи в КСУ для И/У (DOS) 202206